Statistics for Countries with the Biggest Italian Populations Outside of Italy

Click here to take the quiz!

General Stats

  • This quiz has been taken 2,261 times
    (2,031 since last reset)
  • The average score is 13 of 22

Answer Stats

Hint Answer % Correct
17,250,211United States
95%
20,500,000Argentina
87%
23,047,494Brazil
86%
1,488,425Canada
84%
1,530,563France
80%
830,000Germany
79%
38,694Spain
74%
916,121Australia
69%
130,000UK
67%
85,000Mexico
67%
545,274Switzerland
64%
184,997Chile
56%
29,694Austria
53%
1,055,220Uruguay
51%
1,736,766Venezuela
47%
1,400,000Peru
45%
451,825Belgium
41%
17,807Croatia
36%
77,400South Africa
28%
3,203Romania
23%
19,000Albania
21%
3,503Czech Republic
12%

Score Distribution

Percentile by Number Answered

Percent of People with Each Score

Your Score History

You have not taken this quiz since the last reset